Представление документа в формате RUSMARC

ПолеНазваниеЗначение
  Тип записи a
  Библиографический уровень c
001 Контрольный номер RU/IS/BASE/558611421
005 Дата корректировки 20201206204439.4
010 Индекс ISBN __
d Цена 1-21
101 Язык документа __
a Язык текста rus
c Язык оригинала rus
200 Заглавие и сведения об ответственности 0_
a Заглавие Избранные произведения
f Первые сведения об ответственности А. С. Серафимович ; [вступ. ст. Е. Краснощековой ; сост. И. Попова]
b Общее обозначение материала Текст
210 Выходные данные __
a Место издания М.
c Издательство Худож. лит.
d Дата издания 1976
215 Физическое описание __
a Объем 639 с.
327 Примечание о содержании __
a Примечание о содержании На льдине
605 Заглавие как предмет __
a Заглавие Тихий дон /роман/
605 Заглавие как предмет __
a Заглавие Железный поток
606 Тематические рубрики __
a Основная рубрика Художественная литература
z Хронологическая подрубрика 20 в.
y Географическая подрубрика РФ; Россия
606 Тематические рубрики __
a Основная рубрика Русская литература XX в. (произведения)
610 Ключевые слова __
a Ключевые слова проза; рассказы; очерки; тема личности; тема деревни; тема революции
686 Индексы других классификаций __
a Классификационный индекс 84(2Рос=Рус)6-4
700 Автор _1
a Фамилия Серафимович
b Имя А. С.
4 Код отношения 070
702 Вторичная интеллектуальная ответственность _1
a Фамилия Краснощекова
b Имя Е.
4 Код отношения Автор предисловия и т.д.
4 Код отношения 080
702 Вторичная интеллектуальная ответственность _1
a Фамилия Попова
b Имя И.
4 Код отношения Составитель
4 Код отношения 220
801 Источник записи _0
a Страна RU
b Организация Муниципальное бюджетное учреждение культуры "Централизованная библиотечная система" г. Сургут (Центральная городская библиотека им. А. С. Пушкина)
g Правила каталогизации КиК/Елгина
801 Источник записи _1
a Страна RU
b Организация Муниципальное бюджетное учреждение культуры "Централизованная библиотечная система" г. Сургут (Центральная городская библиотека им. А. С. Пушкина)
g Правила каталогизации КиК/Елгина
852 Данные о местонахождении __
j Шифр хранения 84(2Рос=Рус)6-4
c Каталожный индекс 84(2Рос=Рус)6-4
i Авторский знак С 32
p Инвентарный номер 117399(с); 63450(с)
901 Тип документа 1_
t Тип документа x
903 Характеристики (МАРС) __
a Дата передачи 20061130
969 Тип издания __
a Тип издания сборник
990 Данные о заказе (DOS) __
j Количество экземпляров (DOS) 2